|
|
|
|
| LEADER |
00000nam a2200000Ia 4500 |
| 008 |
180706b2000 cr ||||| |||| 00| | spa d |
| 999 |
|
|
|c 2262
|d 2262
|
| 090 |
|
|
|a 18.08.01
|b 114
|
| 110 |
|
|
|a Universidad de Costa Rica. Oficina de Planificación Universitaria
|9 2813
|
| 245 |
1 |
0 |
|a Indicadores de la Facultad de Educación para el I y II ciclo de 1999 /
|c Universidad de Costa Rica. Oficina de Planificación Universitaria
|
| 260 |
|
|
|a San José, Costa Rica :
|b Universidad de Costa Rica. Oficina de Planificación Universitaria,
|c 2000
|
| 300 |
|
|
|a 9 páginas
|
| 610 |
1 |
4 |
|a UNIVERSIDAD DE COSTA RICA. FACULTAD DE EDUCACION
|9 3218
|
| 650 |
1 |
4 |
|a INDICADORES EDUCATIVOS
|9 1943
|
| 942 |
|
|
|i 001666
|h 18.08.01 114
|2 z
|c 01
|